00813nam a22002057a 450000500170000001000150001702000260003203500140005803700090007208200130008110000420009424500560013625000060019226000360019827001520023430000200038694200240040699900190043095201580044920260410112741.0 aENG-148193 c250.00a9789348685582 aEN-131725 bDBAD a234.321 aFernandes, A.J Caetano Da Cruz988854 aThe Blood of Christ/cA.J Caetano Da Cruz Fernandes a1 bATC PublishersaBengaluruc2025 aSt's Mary Block, Archdiocesan,Pastoral Center,#5, Nandidurga Road,Benson TownbBengalurue560046k+918025491999k7090100444minfo@atcpublishers.com a212p.c21cm(pb) 2ddccENh234.3mFER c215847d215847 001040718NFICaDBADbDBADd2026-04-10eDelivery of Books Act Divisiong250.00l0o234.3 FERpEN-131725r2026-04-10 11:28:15t1v250.00w2026-04-10yEN